UM Logo

An introduction to fluid mechanics/ (Record no. 14432)

MARC details
000 -LEADER
fixed length control field 00881nam a22003015i 4500
001 - CONTROL NUMBER
control field 20548003
003 - CONTROL NUMBER IDENTIFIER
control field OSt
005 - DATE AND TIME OF LATEST TRANSACTION
control field 20190919102634.0
008 - FIXED-LENGTH DATA ELEMENTS--GENERAL INFORMATION
fixed length control field 180619s2018 nyu 000 0 eng
010 ## - LIBRARY OF CONGRESS CONTROL NUMBER
LC control number 2018948619
020 ## - INTERNATIONAL STANDARD BOOK NUMBER
International Standard Book Number 9783319918204
040 ## - CATALOGING SOURCE
Original cataloging agency DLC
Language of cataloging eng
Description conventions rda
Transcribing agency DLC
042 ## - AUTHENTICATION CODE
Authentication code pcc
082 ## - DEWEY DECIMAL CLASSIFICATION NUMBER
Edition number 2019
Classification number DC 532.23
Item number F214
100 ## - MAIN ENTRY--PERSONAL NAME
Personal name Fang, Chung
Relator term Author
9 (RLIN) 39816
245 03 - TITLE STATEMENT
Title An introduction to fluid mechanics/
Statement of responsibility, etc. Chung Fang
263 ## - PROJECTED PUBLICATION DATE
Projected publication date 1809
264 #1 - PRODUCTION, PUBLICATION, DISTRIBUTION, MANUFACTURE, AND COPYRIGHT NOTICE
Place of production, publication, distribution, manufacture New York, NY:
Name of producer, publisher, distributor, manufacturer Springer Berlin Heidelberg,
Date of production, publication, distribution, manufacture, or copyright notice c2018.
300 ## - PHYSICAL DESCRIPTION
Extent vii, 643 pages;
Other physical details 24 cm.
336 ## - CONTENT TYPE
Content type term text
Content type code txt
Source rdacontent
337 ## - MEDIA TYPE
Media type term unmediated
Media type code n
Source rdamedia
338 ## - CARRIER TYPE
Carrier type term volume
Carrier type code nc
Source rdacarrier
500 ## - GENERAL NOTE
General note Includes appendices and index.
650 ## - SUBJECT ADDED ENTRY--TOPICAL TERM
Topical term or geographic name as entry element Fluid mechanics.
9 (RLIN) 37627
906 ## - LOCAL DATA ELEMENT F, LDF (RLIN)
a 0
b ibc
c orignew
d 2
e epcn
f 20
g y-gencatlg
942 ## - ADDED ENTRY ELEMENTS (KOHA)
Source of classification or shelving scheme Dewey Decimal Classification
Koha item type Circulation
Holdings
Withdrawn status Lost status Source of classification or shelving scheme Damaged status Not for loan Collection code Home library Current library Shelving location Date acquired Source of acquisition Total Checkouts Full call number Barcode Date last seen Date last checked out Cost, replacement price Price effective from Koha item type
    Dewey Decimal Classification     Circulation UM Digos College - LIC UM Digos College - LIC Book Cart 08/08/2019 Purchase 2 DC 532.23 F214 2019 25580 05/15/2025 03/02/2023 11060.00 09/19/2019 Circulation